000 00708nam a2200181Ia 4500
008 150610s9999 xx 000 0 und d
020 _a9780814409916
050 _aHQ759.913
_b.M68 2009
100 _aMorgan, Peggy Lou, 1950-
245 _aParenting an adult with disabilities or special needs:
_beverything you need to know to plan for and protect your child's future /
_cPeggy Lou Morgan.
260 _aNew York :
_bAmacom Books,
_c2009.
300 _a203pages ;
_c23 cm.
504 _aIncludes bibliographical references and index.
520 _aParents of children with disabilities.
650 _aPeople with disabilities
_xServices for.
650 _bParenting.
650 _xParent and adult child.
999 _c288022
_d288022